| 000 | 01387nam a2200313 i 4500 | ||
|---|---|---|---|
| 001 | 000014243 | ||
| 003 | DO-SdBNP | ||
| 005 | 20241017133719.0 | ||
| 007 | ta | ||
| 008 | 091208s1966 dr r 000 0 spa d | ||
| 040 |
_aDO-SdBNP _bspa _cBNPHU _erda |
||
| 041 | _aspa | ||
| 082 | 4 |
_a304.6097293 _bR426cu 1960 _222 |
|
| 110 | 1 |
_aRepública Dominicana. _bSecretariado Técnico de la Presidencia _bOficina Nacional de Estadística _910866 |
|
| 245 | 1 | 0 |
_aCuarto censo nacional de población, 1960 : _bresumen general / _cpresentación, Manuel de Jesús Cordero. |
| 264 | 1 |
_aSanto Domingo : _bOficina Nacional de Estadísticas, _c1966. |
|
| 300 |
_a112 páginas : _bilustraciones, mapas ; _c29 cm. |
||
| 336 |
_atexto _btxt _2rdacontent |
||
| 337 |
_asin mediación _bn _2rdamedia |
||
| 338 |
_avolumen _bnc _2rdacarrier |
||
| 590 | _aInventariado, 2018/ YL | ||
| 650 | 7 |
_aVivienda _zRepública Dominicana _y1960 _vEstadísticas _932160 _2LEMB |
|
| 651 | 7 |
_aRepública Dominicana _xPoblación _y1960 _vEstadísticas _932161 _2LEMB |
|
| 651 | 7 |
_aRepública Dominicana _xPoblación _xAspectos económicos _y1960 _vEstadísticas _2LEMB _986707 |
|
| 700 | 1 |
_aCordero, Manuel de Jesús _ePresentación _932162 _4pr. |
|
| 710 | 1 |
_aRepública Dominicana. _bSecretariado Técnico de la Presidencia. Oficina Nacional de Estadística. _910866 |
|
| 910 | _aValidado. Control de calidad. MFF | ||
| 942 |
_2ddc _cLBS1 |
||
| 999 |
_c13841 _d13841 |
||